000 00927nam a2200217Ia 4500
001 280-CUL os vo (8405)
003 IT-MiSPE
008 171229s9999||||xx |||||||||||||| ||und||
040 _aIT-MiSPE
_cIT-MiSPE
041 _aFRANCESE
100 _aOscar Cullmann
245 0 _aLes voies de l'unité chrétienne
250 _a1a ed. (v)
260 _aParis
_bCerf
_c1992
300 _a100 p.
_c23 cm
490 _aThéologies
501 _aEdizioni San Paolo srl - Piazza Soncino, 5 - 20092 CINISELLO BALSAMO (MI) (non commercial uses only) ® Copyright 2018
942 _cBK
957 _71
999 _a15901
_bNO
_g Copie: 1
_c348437
_d348437